[Event "26th Klatovy B 2018"]
[Site "Klatovy CZE"]
[Date "2018.07.05"]
[Round "6.19"]
[White "Kuta, Miroslav"]
[Black "Sedlak, Jakub"]
[Result "0-1"]
[WhiteElo "1725"]
[BlackElo "1500"]
[PlyCount "142"]
[EventDate "2018.06.30"]
[EventType "swiss"]
[EventRounds "9"]
[EventCountry "CZE"]

1. d4 Nf6 2. c4 e6 3. Nc3 Bb4 4. a3 Bxc3+ 5. bxc3 c5 6. Nf3 O-O 7. e3 d6 8. d5 b6 9. Qd3 Ba6 10. e4 exd5 11. exd5 Re8+ 12. Be3 Nbd7 13. Be2 Ne5 14. Nxe5 Rxe5 15. Bf3 Qd7 16. O-O Qa4 17. Bf4 Bxc4 18. Qd1 Qxd1 19. Rfxd1 Rf5 20. Bxd6 Bxd5 21. Rd3 Bxf3 22. gxf3 Rd5 23. Rxd5 Nxd5 24. c4 Nf6 25. Be7 h6 26. Rd1 Re8 27. Bxf6 gxf6 28. Rd7 a5 29. Rd6 Re6 30. Rd8+ Kg7 31. Kg2 Re2 32. Rb8 Rb2 33. Kg3 Rb3 34. Kf4 Rxa3 35. Rxb6 Ra4 36. Rb5 Rxc4+ 37. Ke3 a4 38. Kd3 Rh4 39. Rxc5 Rxh2 40. Ke3 Rh1 41. Rf5 Rb1 42. Ra5 Rb3+ 43. Kf4 Ra3 44. Kg4 Ra1 45. f4 a3 46. f5 a2 47. Kf3 h5 48. Ra6 h4 49. Kg2 Kh6 50. Rxf6+ Kg5 51. Ra6 Kxf5 52. Ra4 Kg5 53. f3 f5 54. Kh2 f4 55. Ra5+ Kf6 56. Kg2 Ke6 57. Kh2 Kd6 58. Kg2 Kc6 59. Kh2 Kb6 60. Ra3 Kb5 61. Ra8 Kc4 62. Kg2 Kd4 63. Ra4+ Kc3 64. Ra8 Rd1 65. Rc8+ Kb2 66. Rb8+ Ka1 67. Kh3 Rb1 68. Ra8 Rb4 69. Re8 Kb2 70. Re2+ Ka3 71. Re1 Rb1 0-1

[Event "26th Klatovy B 2018"]
[Site "Klatovy CZE"]
[Date "2018.07.05"]
[Round "6.20"]
[White "Novy, Jan"]
[Black "Mareska, Daniel"]
[Result "0-1"]
[WhiteElo "1516"]
[BlackElo "1697"]
[PlyCount "82"]
[EventDate "2018.06.30"]
[EventType "swiss"]
[EventRounds "9"]
[EventCountry "CZE"]

1. Nf3 g6 2. d4 Bg7 3. g3 Nf6 4. c4 O-O 5. Nc3 c6 6. Bg2 d5 7. b3 Nbd7 8. O-O Re8 9. e3 Nb6 10. c5 Nbd7 11. Bb2 Qc7 12. a4 Nf8 13. b4 Bg4 14. Qc2 Bxf3 15. Bxf3 N6d7 16. b5 e5 17. Ne2 Ne6 18. Qd2 Ng5 19. Bg2 exd4 20. Nxd4 Nxc5 21. h4 Nge6 22. Rfc1 Nxd4 23. exd4 Nb3 24. Qc3 Nxc1 25. Rxc1 Qd7 26. bxc6 bxc6 27. Ba3 Rab8 28. Kh2 Bf8 29. Bc5 Bxc5 30. Qxc5 Rb6 31. Qc2 Qd6 32. a5 Rb5 33. Qc3 Reb8 34. Qxc6 Qxc6 35. Rxc6 Rxa5 36. Rd6 Kf8 37. Bh3 Rb7 38. Bg4 Rc7 39. Bf3 Ke7 40. Rxd5 Rxd5 41. Bxd5 Rd7 0-1

[Event "26th Klatovy B 2018"]
[Site "Klatovy CZE"]
[Date "2018.07.05"]
[Round "6.21"]
[White "Dolejs, Jakub"]
[Black "Gerigk, Daniel"]
[Result "0-1"]
[WhiteElo "1447"]
[BlackElo "1690"]
[PlyCount "39"]
[EventDate "2018.06.30"]
[EventType "swiss"]
[EventRounds "9"]
[EventCountry "CZE"]

1. d4 Nf6 2. c4 e6 3. Nc3 Bb4 4. Qc2 b6 5. e4 Bb7 6. Bd3 Nc6 7. Nge2 e5 8. d5 Nd4 9. Qa4 a5 10. Ng3 c6 11. Bg5 h6 12. Be3 O-O 13. O-O Bc5 14. Bxd4 Bxd4 15. Nf5 Bc5 16. h3 Nh5 17. Ne2 Qg5 18. a3 Kh7 19. Qc2 g6 20. Nfg3 0-1

[Event "26th Klatovy B 2018"]
[Site "Klatovy CZE"]
[Date "2018.07.05"]
[Round "6.22"]
[White "Cipera, Josef"]
[Black "Martinkova, Magdalena"]
[Result "0-1"]
[WhiteElo "1688"]
[BlackElo "1186"]
[PlyCount "54"]
[EventDate "2018.06.30"]
[EventType "swiss"]
[EventRounds "9"]
[EventCountry "CZE"]

1. d4 Nf6 2. c4 g6 3. Nc3 Bg7 4. e4 d6 5. f3 O-O 6. Be3 e5 7. d5 Nbd7 8. Qd2 Ne8 9. g4 f5 10. gxf5 gxf5 11. exf5 Rxf5 12. Bh3 Rf8 13. Qg2 Qh4+ 14. Ke2 Qxc4+ 15. Kd2 Nc5 16. Bxc5 Qxc5 17. Nge2 Bxh3 18. Qxh3 Nf6 19. Rhg1 Kh8 20. Rxg7 Kxg7 21. Rg1+ Kh8 22. Qh6 Rf7 23. Rg3 Nxd5 24. Qe6 Qe3+ 25. Kc2 Nb4+ 26. Kb3 a5 27. f4 a4+ 0-1

[Event "26th Klatovy B 2018"]
[Site "Klatovy CZE"]
[Date "2018.07.05"]
[Round "6.23"]
[White "Day, Tobias"]
[Black "Kovar, Vaclav 1953"]
[Result "0-1"]
[WhiteElo "1287"]
[BlackElo "1688"]
[PlyCount "148"]
[EventDate "2018.06.30"]
[EventType "swiss"]
[EventRounds "9"]
[EventCountry "CZE"]

1. e4 e5 2. Nf3 Nc6 3. Bc4 d6 4. h3 Be7 5. Nc3 Nf6 6. d4 exd4 7. Nxd4 a6 8. Be3 O-O 9. f4 Nxe4 10. Nxe4 d5 11. Bd3 dxe4 12. Nxc6 bxc6 13. Bxe4 Bh4+ 14. Ke2 Bd7 15. Rg1 Re8 16. Bd3 Qe7 17. Qd2 Bf6 18. c3 Rad8 19. g4 g6 20. Rad1 c5 21. Qc1 Bb5 22. Bxb5 axb5 23. g5 Bg7 24. Kf2 Qe6 25. Rxd8 Rxd8 26. Bxc5 Qxh3 27. Qe3 Qf5 28. Re1 Qd7 29. Qf3 Bf8 30. Bxf8 Rxf8 31. Rd1 Qe6 32. b3 f6 33. gxf6 Qxf6 34. Rd4 Qf5 35. Kg3 Qe6 36. Qd5 Re8 37. Qxe6+ Rxe6 38. Kf3 Kf7 39. Rd7+ Re7 40. Rd5 c6 41. Rc5 Rc7 42. a4 bxa4 43. bxa4 Ke6 44. Ke4 Kd6 45. Kd4 Rf7 46. Ra5 Rxf4+ 47. Ke3 Rf7 48. Rg5 Ra7 49. Rg4 c5 50. Kd3 Kc6 51. Ke3 Rg7 52. Kf3 g5 53. Kg3 h6 54. Re4 Kd5 55. Re8 Kc4 56. Re6 Kxc3 57. Rxh6 Ra7 58. Rc6 c4 59. Kg4 Rxa4 60. Kxg5 Ra5+ 61. Kf4 Rd5 62. Ke3 Kb3 63. Rb6+ Kc2 64. Rc6 c3 65. Ke2 Kb2 66. Rb6+ Kc1 67. Rc6 c2 68. Rb6 Re5+ 69. Kf2 Kd2 70. Rd6+ Kc3 71. Rc6+ Kb3 72. Rc7 Re4 73. Kf3 Rc4 74. Rb7+ Kc3 0-1

[Event "26th Klatovy B 2018"]
[Site "Klatovy CZE"]
[Date "2018.07.05"]
[Round "6.24"]
[White "Vavrousek, Petr"]
[Black "Prazak, Daniel"]
[Result "0-1"]
[WhiteElo "1686"]
[BlackElo "1364"]
[PlyCount "88"]
[EventDate "2018.06.30"]
[EventType "swiss"]
[EventRounds "9"]
[EventCountry "CZE"]

1. e4 e5 2. Nf3 Nc6 3. Bc4 Bc5 4. c3 Nf6 5. d3 d6 6. Nbd2 Bg4 7. O-O O-O 8. Bb3 h6 9. Re1 Qe8 10. Nf1 Be6 11. Bc2 Nd7 12. b4 Bb6 13. b5 Na5 14. Ne3 a6 15. bxa6 Rxa6 16. Qe2 Nc6 17. Nd5 Qd8 18. Nxb6 Nxb6 19. Be3 Rxa2 20. Rxa2 Bxa2 21. Bxb6 cxb6 22. d4 exd4 23. Nxd4 Nxd4 24. cxd4 d5 25. Bd3 dxe4 26. Bxe4 Bd5 27. Bc2 Bc6 28. Qd3 g6 29. Bb3 Bd5 30. Bxd5 Qxd5 31. Re5 Qc6 32. f4 Qc1+ 33. Qf1 Qxf1+ 34. Kxf1 Rd8 35. d5 Kf8 36. Ke2 Re8 37. Kd3 f6 38. Re6 Rxe6 39. dxe6 Ke7 40. Kd4 Kxe6 41. g4 g5 42. f5+ Kd6 43. Kc4 Kc6 44. Kd4 b5 0-1

[Event "26th Klatovy B 2018"]
[Site "Klatovy CZE"]
[Date "2018.07.05"]
[Round "6.25"]
[White "Krobot, Jan"]
[Black "Benes, Jachym"]
[Result "1/2-1/2"]
[WhiteElo "1680"]
[BlackElo "1386"]
[PlyCount "56"]
[EventDate "2018.06.30"]
[EventType "swiss"]
[EventRounds "9"]
[EventCountry "CZE"]

1. d4 d5 2. Bf4 Nf6 3. e3 e6 4. c3 c5 5. Nf3 Be7 6. Bd3 O-O 7. Nbd2 Nc6 8. h3 b6 9. O-O Bb7 10. Rc1 h6 11. Bb1 Rc8 12. Qc2 Ba6 13. Rfe1 Re8 14. Ne5 Bd6 15. Nxc6 Rxc6 16. Be5 g6 17. Nf3 Ne4 18. Bxd6 Rxd6 19. Ne5 Qf6 20. f3 Ng3 21. Qd2 Red8 22. Bd3 Bxd3 23. Qxd3 c4 24. Qd2 Qg5 25. Qf2 Nh5 26. Rc2 Re8 27. Rce2 b5 28. a3 a6 1/2-1/2

[Event "26th Klatovy B 2018"]
[Site "Klatovy CZE"]
[Date "2018.07.05"]
[Round "6.26"]
[White "Privoznik, Lubos"]
[Black "Dolezal, Martin 1998"]
[Result "1-0"]
[WhiteElo "1665"]
[BlackElo "1247"]
[PlyCount "58"]
[EventDate "2018.06.30"]
[EventType "swiss"]
[EventRounds "9"]
[EventCountry "CZE"]

1. e4 e5 2. Nf3 Nc6 3. Bc4 Nf6 4. Ng5 d5 5. exd5 Na5 6. Bb5+ Bd7 7. Bxd7+ Qxd7 8. O-O Qxd5 9. Nc3 Qc5 10. d3 h6 11. Nf3 O-O-O 12. Be3 Qe7 13. Qe2 Ng4 14. Bd2 Nc6 15. Rfe1 Re8 16. h3 Nf6 17. a3 Nd7 18. Nd5 Qc5 19. c4 f6 20. Bb4 Nxb4 21. axb4 Qc6 22. Rxa7 Nb6 23. Nxb6+ Qxb6 24. Ra8+ Kd7 25. Rxe8 Kxe8 26. c5 Qxb4 27. Nxe5 Be7 28. Ng6 Qxc5 29. Nxh8 Kd8 1-0

[Event "26th Klatovy B 2018"]
[Site "Klatovy CZE"]
[Date "2018.07.05"]
[Round "6.27"]
[White "Juhanak, Daniel"]
[Black "Vasko, Pavel"]
[Result "1-0"]
[WhiteElo "1317"]
[BlackElo "1610"]
[PlyCount "49"]
[EventDate "2018.06.30"]
[EventType "swiss"]
[EventRounds "9"]
[EventCountry "CZE"]

1. e4 Nf6 2. Nf3 e6 3. g3 d5 4. Bg2 Be7 5. O-O O-O 6. d4 c6 7. Nbd2 b6 8. Ne5 Bb7 9. c4 Nfd7 10. f4 Nxe5 11. dxe5 d4 12. f5 Nd7 13. Nf3 c5 14. Qe2 Qc7 15. Bf4 Qc6 16. Rae1 Rfd8 17. Qd2 Nf8 18. g4 Rd7 19. g5 Bd8 20. f6 g6 21. Qf2 h5 22. gxh6 Kh7 23. Qh4 Rc7 24. Ng5+ Kh8 25. h7 1-0

[Event "26th Klatovy B 2018"]
[Site "Klatovy CZE"]
[Date "2018.07.05"]
[Round "6.28"]
[White "Svejdar, Petr"]
[Black "Kirs, Pavel"]
[Result "0-1"]
[WhiteElo "1163"]
[BlackElo "1579"]
[PlyCount "92"]
[EventDate "2018.06.30"]
[EventType "swiss"]
[EventRounds "9"]
[EventCountry "CZE"]

1. e4 e5 2. Nf3 Nc6 3. d4 exd4 4. Nxd4 Nxd4 5. Qxd4 Ne7 6. Qd1 Nc6 7. Nc3 Bb4 8. Bd2 O-O 9. Bc4 Re8 10. Qf3 Ne5 11. Qe2 Nxc4 12. Qxc4 Bxc3 13. Bxc3 d5 14. Qb3 Rxe4+ 15. Kf1 b6 16. Re1 Ba6+ 17. Kg1 Rxe1+ 18. Bxe1 Qe7 19. Bc3 Re8 20. h3 Qd7 21. Qb4 c5 22. Qg4 Qxg4 23. hxg4 d4 24. Bd2 Bb7 25. Kh2 Kf8 26. c3 Re2 27. Bf4 dxc3 28. bxc3 Rxf2 29. Bd6+ Kg8 30. Re1 Rxg2+ 31. Kh3 h6 32. Re7 Bd5 33. Rxa7 Rxa2 34. Rxa2 Bxa2 35. Bc7 b5 36. Bd6 c4 37. Kg3 Bb1 38. Kf4 f6 39. Ke3 Kf7 40. Kd4 f5 41. Kc5 fxg4 42. Kxb5 Bd3 43. Kc5 h5 44. Kd5 h4 45. Kd4 Ke6 46. Bc5 h3 0-1

[Event "26th Klatovy B 2018"]
[Site "Klatovy CZE"]
[Date "2018.07.05"]
[Round "6.29"]
[White "Matejka, Jaromir"]
[Black "Skutil, Frantisek"]
[Result "0-1"]
[WhiteElo "1570"]
[BlackElo "1336"]
[PlyCount "82"]
[EventDate "2018.06.30"]
[EventType "swiss"]
[EventRounds "9"]
[EventCountry "CZE"]

1. e4 c5 2. Nf3 e6 3. Nc3 Nc6 4. d4 cxd4 5. Nxd4 a6 6. Be3 Nf6 7. Nxc6 bxc6 8. e5 Ng8 9. a3 d5 10. exd6 Bxd6 11. Qf3 Bb7 12. O-O-O Qc7 13. Ne4 Be7 14. Nc5 Bc8 15. Bc4 Nf6 16. Rhe1 O-O 17. Qg3 Qxg3 18. hxg3 Nd5 19. Bd4 Rd8 20. Bb3 Rb8 21. Ba4 Bxc5 22. Bxc5 Bb7 23. c4 Nf6 24. Be7 Rxd1+ 25. Rxd1 Ne4 26. Rf1 Re8 27. Bb4 Rd8 28. Be1 c5 29. f3 Nd6 30. Ba5 Rf8 31. b3 Ba8 32. Bb6 Nb7 33. Rd1 g6 34. Rd7 Rc8 35. Kc2 Kg7 36. Kc3 Kf6 37. b4 cxb4+ 38. axb4 e5 39. c5 Ke6 40. Kd3 g5 41. Ke4 Nxc5+ 0-1

[Event "26th Klatovy B 2018"]
[Site "Klatovy CZE"]
[Date "2018.07.05"]
[Round "6.30"]
[White "Kudrna, Miroslav"]
[Black "Kohout, Josef 1953"]
[Result "1/2-1/2"]
[WhiteElo "1539"]
[BlackElo "1888"]
[PlyCount "67"]
[EventDate "2018.06.30"]
[EventType "swiss"]
[EventRounds "9"]
[EventCountry "CZE"]

1. e4 e6 2. d4 d5 3. e5 c5 4. c3 cxd4 5. cxd4 Nc6 6. Nf3 Qb6 7. Be2 Nge7 8. Bd3 Bd7 9. Bc2 Nb4 10. Nc3 Nxc2+ 11. Qxc2 Rc8 12. Be3 Bb5 13. Qd2 Nf5 14. Nxb5 Qxb5 15. Qe2 Bb4+ 16. Bd2 Bxd2+ 17. Qxd2 O-O 18. Rc1 Rc4 19. g4 Rxc1+ 20. Qxc1 Qd3 21. gxf5 Qxf3 22. Rg1 Qxf5 23. a3 Qe4+ 24. Kf1 Qxd4 25. Rxg7+ Kh8 26. Qh6 Qd3+ 27. Ke1 Rc8 28. Rxf7 Qb1+ 29. Ke2 Rc2+ 30. Kf3 Qh1+ 31. Kg3 Qg1+ 32. Kh3 Qf1+ 33. Kg3 Qg1+ 34. Kh3 1/2-1/2

[Event "26th Klatovy B 2018"]
[Site "Klatovy CZE"]
[Date "2018.07.05"]
[Round "6.31"]
[White "Vavrinek, Tomas"]
[Black "Levinsky, Ladislav"]
[Result "1/2-1/2"]
[WhiteElo "1785"]
[BlackElo "1515"]
[PlyCount "105"]
[EventDate "2018.06.30"]
[EventType "swiss"]
[EventRounds "9"]
[EventCountry "CZE"]

1. d4 Nf6 2. c4 d6 3. Nc3 g6 4. e4 Bg7 5. Nf3 O-O 6. Be2 Bg4 7. h3 Bxf3 8. Bxf3 e5 9. dxe5 dxe5 10. Qb3 b6 11. Bg5 c6 12. O-O Qc7 13. Rad1 Nbd7 14. Rd2 Nc5 15. Qc2 Rad8 16. Rfd1 Rxd2 17. Rxd2 Ne6 18. Be3 Rd8 19. b4 Rxd2 20. Qxd2 Bf8 21. Ne2 Qd6 22. Qxd6 Bxd6 23. a3 c5 24. b5 Nd4 25. Nxd4 cxd4 26. Bc1 Kg7 27. Kf1 Nd7 28. Bb2 h6 29. Ke2 Nc5 30. Kd2 Ne6 31. Bg4 Nc5 32. Bf3 g5 33. g3 Kf6 34. Bg2 Kg6 35. f3 f5 36. exf5+ Kxf5 37. Ke2 Na4 38. Bc1 Nc5 39. g4+ Kg6 40. Bd2 Ne6 41. a4 Ba3 42. Bf1 Nc5 43. a5 h5 44. axb6 axb6 45. Kd1 h4 46. Kc2 Ne6 47. Bd3+ Kf6 48. Bf5 Be7 49. Bxe6 Kxe6 50. Kd3 Kd6 51. Bb4+ Ke6 52. Bd2 Kd6 53. Bb4+ 1/2-1/2

[Event "26th Klatovy B 2018"]
[Site "Klatovy CZE"]
[Date "2018.07.05"]
[Round "6.32"]
[White "Leseticky, Vladimir"]
[Black "Kotal, Vit"]
[Result "0-1"]
[WhiteElo "1730"]
[BlackElo "1464"]
[PlyCount "112"]
[EventDate "2018.06.30"]
[EventType "swiss"]
[EventRounds "9"]
[EventCountry "CZE"]

1. e4 c5 2. d4 cxd4 3. Nf3 Nf6 4. Bd3 Nc6 5. O-O d6 6. h3 g6 7. a3 Bg7 8. Bg5 O-O 9. c3 Qb6 10. Qe2 h6 11. Bc1 Nh5 12. Qc2 Be6 13. c4 Rac8 14. b4 a5 15. b5 Ne5 16. Nxe5 dxe5 17. a4 f5 18. Na3 f4 19. Kh2 Qc7 20. Be2 Qd7 21. Qd3 Nf6 22. Bd2 g5 23. f3 h5 24. Be1 Kf7 25. h4 g4 26. g3 Bh6 27. gxf4 exf4 28. e5 Bf5 29. Qd1 g3+ 30. Kg1 d3 31. exf6 dxe2 32. Qxe2 Qd4+ 33. Kg2 Qxf6 34. Bxa5 Bg7 35. Rfd1 Qb2 36. Bd2 Rfd8 37. Rac1 Bd3 38. Qe1 Qxa3 39. Bxf4 Qb2+ 40. Rd2 Qa3 41. Bg5 Bb2 42. Rcd1 Bc3 43. Qe3 Bxd2 44. Rxd2 Bf1+ 45. Kxf1 Qxe3 46. Bxe3 Rxd2 47. Bxd2 Rxc4 48. Bg5 Rxa4 49. Kg2 Rb4 50. Kxg3 Rxb5 51. Kf4 Rc5 52. Ke4 b5 53. Kd4 Rc8 54. Kd5 b4 55. Be3 b3 56. Bd4 Rc2 0-1

[Event "26th Klatovy B 2018"]
[Site "Klatovy CZE"]
[Date "2018.07.05"]
[Round "6.33"]
[White "Boucek, Vlastimil 1968"]
[Black "Zeman, Lukas"]
[Result "1/2-1/2"]
[WhiteElo "1715"]
[BlackElo "1460"]
[PlyCount "34"]
[EventDate "2018.06.30"]
[EventType "swiss"]
[EventRounds "9"]
[EventCountry "CZE"]

1. d4 d5 2. Nf3 Nf6 3. e3 e6 4. Be2 Be7 5. O-O O-O 6. b3 Nbd7 7. c4 c5 8. Bb2 b6 9. Nc3 Bb7 10. Rc1 Ne4 11. Qc2 Nxc3 12. Bxc3 dxc4 13. bxc4 Bf6 14. Rfd1 Qc7 15. dxc5 bxc5 16. Rd2 Rad8 17. Bxf6 Nxf6 1/2-1/2

[Event "26th Klatovy B 2018"]
[Site "Klatovy CZE"]
[Date "2018.07.05"]
[Round "6.34"]
[White "Safarcik, Miroslav"]
[Black "Zak, Jiri1"]
[Result "0-1"]
[WhiteElo "1505"]
[BlackElo "1702"]
[PlyCount "82"]
[EventDate "2018.06.30"]
[EventType "swiss"]
[EventRounds "9"]
[EventCountry "CZE"]

1. d4 c5 2. Nf3 e6 3. e3 Nf6 4. Bd3 d5 5. O-O Bd6 6. Nbd2 Nbd7 7. b3 O-O 8. Bb2 b6 9. Re1 Qc7 10. h3 e5 11. dxe5 Nxe5 12. Nxe5 Bxe5 13. Bxe5 Qxe5 14. Nf3 Qc7 15. c4 Be6 16. Qc2 h6 17. e4 d4 18. e5 Nd7 19. Qe2 Rfe8 20. Qe4 g6 21. Nh4 Nf8 22. f4 Bd7 23. Qf3 Bc6 24. Qg3 Qd8 25. Nxg6 fxg6 26. Bxg6 Re7 27. f5 Rg7 28. e6 Nxg6 29. fxg6 Qf6 30. Qe5 Qxg6 31. g4 Re8 32. Qd6 Ba8 33. Re5 Qc2 34. Rd5 Bxd5 35. Qxd5 Kh8 36. Re1 Qc3 37. Qe5 Qxh3 38. Re4 Kg8 39. Qf4 h5 40. g5 Qg4+ 41. Qxg4 hxg4 0-1

[Event "26th Klatovy B 2018"]
[Site "Klatovy CZE"]
[Date "2018.07.05"]
[Round "6.35"]
[White "Soucek, Petr"]
[Black "Kubat, Zbynek"]
[Result "1/2-1/2"]
[WhiteElo "1485"]
[BlackElo "1681"]
[PlyCount "87"]
[EventDate "2018.06.30"]
[EventType "swiss"]
[EventRounds "9"]
[EventCountry "CZE"]

1. d4 d5 2. c4 Nf6 3. Nf3 Bg4 4. Nbd2 e6 5. g3 dxc4 6. Qa4+ Nc6 7. a3 a6 8. Qxc4 Qd5 9. Qxd5 exd5 10. Bg2 Bd6 11. O-O O-O 12. Re1 Rfe8 13. h3 Bh5 14. e3 Bg6 15. Nh4 Nxd4 16. Rd1 Ne2+ 17. Kh1 Bc2 18. Rf1 Bd3 19. Rd1 c6 20. Ndf3 Nxc1 21. Raxc1 Be4 22. Nd4 Bxg2+ 23. Kxg2 Be5 24. Nhf5 g6 25. Nh6+ Kg7 26. Ng4 Nxg4 27. hxg4 Rad8 28. Nf3 Bxb2 29. Rb1 Bxa3 30. Rxb7 a5 31. Ra1 Bb4 32. Nd4 Bc3 33. Ra4 Bxd4 34. Rxd4 Rb8 35. Rc7 Rec8 36. Ra7 Rb4 37. Rxa5 Rxd4 38. exd4 Kf6 39. f4 Ke6 40. Kf3 h6 41. Rc5 Kd6 42. Ra5 Rh8 43. Ra7 Ke6 44. Rc7 1/2-1/2

[Event "26th Klatovy B 2018"]
[Site "Klatovy CZE"]
[Date "2018.07.05"]
[Round "6.36"]
[White "Vavrinkova, Anna"]
[Black "Roskovec, Bedrich"]
[Result "1-0"]
[WhiteElo "1463"]
[BlackElo "1641"]
[PlyCount "79"]
[EventDate "2018.06.30"]
[EventType "swiss"]
[EventRounds "9"]
[EventCountry "CZE"]

1. e4 e6 2. d4 d5 3. Nd2 Nf6 4. exd5 Nxd5 5. c4 Nf6 6. Ngf3 Nc6 7. Nb3 b6 8. g3 Ba6 9. a3 Be7 10. Qc2 Qd7 11. Bg2 Rd8 12. Be3 Nb8 13. Ne5 Qc8 14. O-O Bb7 15. f4 O-O 16. Rad1 Bd6 17. h3 Nfd7 18. Nf3 c5 19. Ng5 g6 20. Bxb7 Qxb7 21. Ne4 Be7 22. dxc5 Nf6 23. Nxf6+ Bxf6 24. cxb6 axb6 25. Qf2 Nd7 26. Bd4 Qc6 27. Bxf6 Nxf6 28. Qe2 Nh5 29. Kh2 Nf6 30. Nd4 Qa8 31. Qe5 Ne4 32. Rfe1 Nc5 33. Qc7 Qa4 34. b4 Ne4 35. Qe5 Nc3 36. Ra1 Rxd4 37. Qxd4 Qc2+ 38. Kh1 Ne2 39. Qf2 Qe4+ 40. Kh2 1-0

[Event "26th Klatovy B 2018"]
[Site "Klatovy CZE"]
[Date "2018.07.05"]
[Round "6.37"]
[White "Vavrinkova, Jitka"]
[Black "Soucek, Jan"]
[Result "0-1"]
[WhiteElo "1637"]
[BlackElo "1440"]
[PlyCount "50"]
[EventDate "2018.06.30"]
[EventType "swiss"]
[EventRounds "9"]
[EventCountry "CZE"]

1. e4 e5 2. Nf3 Nc6 3. Bb5 a6 4. Ba4 Nf6 5. O-O d6 6. d4 b5 7. Bb3 Bg4 8. dxe5 Bxf3 9. Qxf3 Nxe5 10. Qe2 Be7 11. Nc3 O-O 12. Bf4 Ng6 13. Bg3 Re8 14. Rad1 Qc8 15. Rfe1 Nd7 16. a3 Bf6 17. Qd2 Nc5 18. f3 Be5 19. Ba2 Bxg3 20. hxg3 Ne5 21. Qd5 Ne6 22. Kf2 Qd8 23. Rh1 Qf6 24. Ke2 Qg6 25. g4 Nf4+ 0-1

[Event "26th Klatovy B 2018"]
[Site "Klatovy CZE"]
[Date "2018.07.05"]
[Round "6.38"]
[White "Janous, Marek"]
[Black "Stvan, Marek"]
[Result "1-0"]
[WhiteElo "1394"]
[BlackElo "1637"]
[PlyCount "35"]
[EventDate "2018.06.30"]
[EventType "swiss"]
[EventRounds "9"]
[EventCountry "CZE"]

1. e4 c5 2. Nf3 d6 3. d4 cxd4 4. Nxd4 Nf6 5. Nc3 Nc6 6. Be3 g6 7. Qd2 Bg7 8. f3 O-O 9. O-O-O Bd7 10. g4 a6 11. h4 h5 12. gxh5 Nxh5 13. Rg1 Rc8 14. Nxc6 Rxc6 15. Bh6 Bxc3 16. bxc3 Re8 17. Qd4 Nf6 18. Rxg6+ 1-0

[Event "26th Klatovy B 2018"]
[Site "Klatovy CZE"]
[Date "2018.07.05"]
[Round "6.39"]
[White "Svec, Vitezslav"]
[Black "Fekete, Frantisek 1941"]
[Result "1-0"]
[WhiteElo "1632"]
[BlackElo "1383"]
[PlyCount "35"]
[EventDate "2018.06.30"]
[EventType "swiss"]
[EventRounds "9"]
[EventCountry "CZE"]

1. d4 Nf6 2. Bf4 g6 3. Nc3 Bg7 4. e4 d6 5. Be2 O-O 6. Qd2 Re8 7. Nf3 Nbd7 8. Rd1 c6 9. h4 Qc7 10. Bh6 Bh8 11. h5 e5 12. hxg6 fxg6 13. d5 c5 14. Qg5 a6 15. Nh4 Nf8 16. Rd3 Re7 17. Bxf8 Kxf8 18. Nxg6+ 1-0

[Event "26th Klatovy B 2018"]
[Site "Klatovy CZE"]
[Date "2018.07.05"]
[Round "6.40"]
[White "Svejdar, Pavel"]
[Black "Koci, Milos"]
[Result "1/2-1/2"]
[WhiteElo "1614"]
[BlackElo "1345"]
[PlyCount "70"]
[EventDate "2018.06.30"]
[EventType "swiss"]
[EventRounds "9"]
[EventCountry "CZE"]

1. e4 c5 2. Nf3 e6 3. d4 cxd4 4. Nxd4 a6 5. Nc3 d6 6. Be3 Nf6 7. Be2 Be7 8. O-O O-O 9. a4 Qc7 10. a5 Nc6 11. Nb3 Bd7 12. Bb6 Qc8 13. Re1 Bd8 14. Bxd8 Rxd8 15. Qxd6 Be8 16. Qf4 Nb4 17. Rac1 Qc6 18. Bf3 Qc4 19. Be2 Qc8 20. h4 Qc6 21. g4 h6 22. Kh2 Nh7 23. g5 hxg5 24. hxg5 Qd6 25. e5 Nd5 26. Nxd5 Qxd5 27. Bf3 Qb5 28. Be4 g6 29. Kg3 Kg7 30. Bd3 Rxd3+ 31. cxd3 Qxd3+ 32. Re3 Qd8 33. Kg4 Bc6 34. Qh2 Qxg5+ 35. Kh3 Qh5+ 1/2-1/2

[Event "26th Klatovy B 2018"]
[Site "Klatovy CZE"]
[Date "2018.07.05"]
[Round "6.41"]
[White "Stanke, Petr"]
[Black "Mykiska, Vojtech"]
[Result "0-1"]
[WhiteElo "1378"]
[BlackElo "1576"]
[PlyCount "60"]
[EventDate "2018.06.30"]
[EventType "swiss"]
[EventRounds "9"]
[EventCountry "CZE"]

1. e4 e5 2. Nf3 Nc6 3. d4 exd4 4. Bc4 Bb4+ 5. c3 dxc3 6. bxc3 Bc5 7. Qb3 Qf6 8. Bg5 Qg6 9. O-O Na5 10. Qa4 Nxc4 11. Qxc4 d6 12. e5 h6 13. exd6 Bxd6 14. Re1+ Be6 15. Qb5+ Kf8 16. Qxb7 Re8 17. Bh4 Qh5 18. Nbd2 Nf6 19. Ne4 Nxe4 20. Rxe4 f5 21. Re2 g5 22. Rae1 Bd7 23. Rxe8+ Bxe8 24. Qc8 gxh4 25. Nxh4 Bxh2+ 26. Kf1 Kg7 27. Re7+ Bf7 28. Nxf5+ Kg6 29. Qa6+ Kxf5 30. Qa5+ Kf6 0-1

[Event "26th Klatovy B 2018"]
[Site "Klatovy CZE"]
[Date "2018.07.05"]
[Round "6.42"]
[White "Asatryan, Manvel"]
[Black "Studenovsky, Jaroslav"]
[Result "1/2-1/2"]
[WhiteElo "1574"]
[BlackElo "1233"]
[PlyCount "64"]
[EventDate "2018.06.30"]
[EventType "swiss"]
[EventRounds "9"]
[EventCountry "CZE"]

1. e4 e6 2. d4 d5 3. Nd2 dxe4 4. Nxe4 Bd7 5. Nf3 Bc6 6. Bd3 Nd7 7. Qe2 Bxe4 8. Bxe4 c6 9. O-O Ngf6 10. Bg5 Be7 11. Bd3 Qc7 12. Bh4 O-O 13. c4 Rfe8 14. Ne5 Nxe5 15. dxe5 Nd7 16. Bg3 Nc5 17. Bc2 Rad8 18. b4 Nd7 19. a3 a5 20. Qe4 g6 21. Rab1 axb4 22. axb4 Nb6 23. f4 Rd7 24. f5 Bf8 25. fxg6 hxg6 26. Rf6 Bg7 27. Bh4 Red8 28. Rxg6 fxg6 29. Qxg6 Qxe5 30. Qh7+ Kf8 31. Rf1+ Rf7 32. Rxf7+ Kxf7 1/2-1/2

[Event "26th Klatovy B 2018"]
[Site "Klatovy CZE"]
[Date "2018.07.05"]
[Round "6.43"]
[White "Dubnicka, Augustin 2000"]
[Black "Pucholt, Martin"]
[Result "1-0"]
[WhiteElo "1659"]
[BlackElo "1570"]
[PlyCount "65"]
[EventDate "2018.06.30"]
[EventType "swiss"]
[EventRounds "9"]
[EventCountry "CZE"]

1. d4 Nf6 2. c4 e6 3. Nc3 Bb4 4. Qc2 O-O 5. Bg5 h6 6. Bh4 d5 7. e3 dxc4 8. Bxc4 Nbd7 9. Nf3 Qe8 10. O-O b6 11. Ne4 Be7 12. Bb5 Nxe4 13. Qxe4 Rb8 14. Bg3 Bb7 15. Qc2 Bd6 16. Bxd6 cxd6 17. Qc7 Bc8 18. Qxb8 Nxb8 19. Bxe8 Rxe8 20. Rfc1 Bb7 21. Rc7 Bxf3 22. gxf3 Na6 23. Rxa7 Nb4 24. Rc1 Nd3 25. Rc6 Ne1 26. f4 e5 27. fxe5 dxe5 28. d5 e4 29. d6 Re5 30. Kf1 Nf3 31. d7 Rg5 32. d8=Q+ Kh7 33. Qxg5 1-0

[Event "26th Klatovy B 2018"]
[Site "Klatovy CZE"]
[Date "2018.07.05"]
[Round "6.44"]
[White "Rychtecky, Pavel"]
[Black "Berkovec, Josef"]
[Result "1-0"]
[WhiteElo "1547"]
[BlackElo "1000"]
[PlyCount "73"]
[EventDate "2018.06.30"]
[EventType "swiss"]
[EventRounds "9"]
[EventCountry "CZE"]

1. e4 c5 2. Nf3 d6 3. d4 cxd4 4. Nxd4 Nf6 5. Nc3 g6 6. Be3 Bg7 7. Bc4 O-O 8. f3 Nc6 9. Nxc6 bxc6 10. Qd2 Be6 11. Bxe6 fxe6 12. O-O Qc7 13. Ne2 Rab8 14. Rab1 c5 15. c4 Rfd8 16. Rfd1 Nd7 17. Nf4 Nf8 18. Nh3 e5 19. b3 Kh8 20. Rf1 Qd7 21. Rbd1 Ne6 22. Qd5 Rf8 23. Bxc5 Nxc5 24. Qxc5 Qxh3 25. Qxa7 Qe6 26. Qe3 Ra8 27. a4 Rfc8 28. Rd5 h5 29. Ra1 Kh7 30. a5 Bh6 31. Qd3 Rc5 32. b4 Rxd5 33. Qxd5 Be3+ 34. Kf1 Qd7 35. Qxa8 Qc7 36. Qd5 Ba7 37. b5 1-0